MARC

LEADER 00000nam0a2200000 4500
001 273079
005 20231101234609.0
020 |a RU  |b 87-16515 
035 |a (RuTPU)RU\TPU\book\296288 
090 |a 273079 
100 |a 20141023d1986 k y0rusy5003 ca 
101 0 |a rus 
102 |a EE 
105 |a ac z 001zy 
200 1 |a История геологических наук в Эстонии  |f Академия наук Эстонской ССР (АН ЭССР), Институт геологии ; под ред. Х. А. Вийдинга 
210 |a Таллин  |c Валгус  |d 1986 
215 |a 360 с.  |c портр.  |d 25 см 
320 |a Библиогр.: с. 337-359 
606 1 |a Геология  |2 stltpush  |3 (RuTPU)RU\TPU\subj\6095  |9 34054 
610 1 |a геологическая наука 
610 1 |a Эстонская ССР 
610 1 |a история 
610 1 |a геологические исследования 
610 1 |a стратиграфия 
610 1 |a палеонтология 
610 1 |a литология 
610 1 |a петрография 
675 |a 55(474.2)(09)  |z rus  |v 3 
702 1 |a Вийдинг  |b Х. А.  |4 340 
712 0 2 |a Академия наук Эстонской ССР (АН ЭССР)  |b Институт геологии  |c (Таллин)  |2 stltpush  |3 (RuTPU)RU\TPU\col\19211 
801 0 |a RU  |b RuMRKP  |c 19950417  |g psbo 
801 1 |a RU  |b 63413507  |c 20141023 
801 2 |a RU  |b 63413507  |c 20170111  |g RCR 
942 |c BK